[Event "Olympiad-44"]
[Site "Chennai"]
[Date "2022.08.09"]
[Round "11.2"]
[White "Sixtus, Gabriel"]
[Black "Alharthi, Ahmed Mohammed A"]
[Result "1/2-1/2"]
[WhiteElo "1787"]
[BlackElo "1935"]
[PlyCount "130"]
[EventDate "2022.07.29"]
[EventType "team-swiss"]
[EventRounds "11"]
[EventCountry "IND"]
[SourceTitle "CBM 210"]
[Source "ChessBase"]
[SourceDate "2022.10.31"]
[SourceVersion "1"]
[SourceVersionDate "2022.10.31"]
[SourceQuality "1"]
[WhiteTeam "Santa Lucia"]
[BlackTeam "Saudi Arabia"]
[WhiteTeamCountry "SLU"]
[BlackTeamCountry "SAU"]

1. e4 d5 2. exd5 Nf6 3. d4 Qxd5 4. Nc3 Qa5 5. Be2 Bf5 6. Nf3 Nbd7 7. 0-0 e6 8. a3 c6 9. Bf4 h6 10. b4 Qd8 11. Na4 Nd5 12. Bg3 b5 13. c4 bxc4 14. Bxc4 N7b6 15. Ba6 Bd6 16. Bb7 Rb8 17. Bxc6+ Ke7 18. Re1 Bxg3 19. hxg3 Qd6 20. Rc1 Rhc8 21. Nxb6 Nxb6 22. Bb5 Nd5 23. Rxc8 Rxc8 24. Qa4 Qb6 25. Qa6 Rc3 26. Qxb6 axb6 27. Ra1 Nc7 28. Be2 b5 29. Kf1 Bd3 30. Ne5 Bxe2+ 31. Kxe2 Rc2+ 32. Ke1 Nd5 33. a4 f6 34. Ng6+ Kd6 35. axb5 Nxb4 36. Nf4 Rc4 37. Ra7 g5 38. Ne2 Nc2+ 39. Kd2 Nxd4 40. Kd3 Nxb5 41. Rh7 Ra4 42. Rxh6 Ke5 43. f4+ Kf5 44. g4+ Kxg4 45. Rxf6 gxf4 46. Rxe6 Nc7 47. Rd6 Ra3+ 48. Kd2 Ne8 49. Rd4 Ra2+ 50. Ke1 Ng7 51. Rxf4+ Kg5 52. Rb4 Nf5 53. Kf2 Rc2 54. g4 Nh6 55. Kf3 Ra2 56. Rb5+ Kg6 57. Nf4+ Kf7 58. Rb7+ Kf6 59. Nh5+ Kg5 60. Rb5+ Kh4 61. Nf6 Ra3+ 62. Kf4 Ra4+ 63. Kf3 Ra3+ 64. Kf2 Nxg4+ 65. Nxg4 Kxg4 1/2-1/2

[Event "Olympiad-44"]
[Site "Chennai"]
[Date "2022.08.03"]
[Round "6.2"]
[White "Nyambalo, Joseph Xavier"]
[Black "Sixtus, Gabriel"]
[Result "1/2-1/2"]
[WhiteElo "1981"]
[BlackElo "1787"]
[PlyCount "84"]
[EventDate "2022.07.29"]
[EventType "team-swiss"]
[EventRounds "11"]
[EventCountry "IND"]
[SourceTitle "CBM 210"]
[Source "ChessBase"]
[SourceDate "2022.10.31"]
[SourceVersion "1"]
[SourceVersionDate "2022.10.31"]
[SourceQuality "1"]
[WhiteTeam "Malawi"]
[BlackTeam "Santa Lucia"]
[WhiteTeamCountry "MWI"]
[BlackTeamCountry "SLU"]

1. c4 g6 2. g3 Bg7 3. Bg2 Nf6 4. Nc3 0-0 5. Nf3 d5 6. cxd5 Nxd5 7. Qb3 Nb6 8. 0-0 Nc6 9. d3 e5 10. Be3 Be6 11. Qd1 Qd7 12. Ng5 Nd5 13. Nxe6 fxe6 14. Bd2 Nce7 15. Ne4 Qb5 16. b4 b6 17. a4 Qd7 18. Rb1 c6 19. Qb3 Rac8 20. Rfc1 h6 21. a5 Nf6 22. axb6 axb6 23. Rc4 Nxe4 24. Bxe4 Kf7 25. Rbc1 Rc7 26. Qd1 Rfc8 27. Be3 b5 28. R4c2 Nd5 29. Bc5 Bf8 30. Qd2 Bxc5 31. Rxc5 Kg7 32. d4 Nb6 33. Qd3 Qxd4 34. Qxd4 exd4 35. Rxc6 Rxc6 36. Rxc6 Rxc6 37. Bxc6 Kf6 38. f4 g5 39. fxg5+ hxg5 40. Kf2 g4 41. e3 dxe3+ 42. Kxe3 Ke5 1/2-1/2

[Event "Olympiad-44"]
[Site "Chennai"]
[Date "2022.08.02"]
[Round "5.2"]
[White "Sixtus, Gabriel"]
[Black "Teixeira, Gil Antonio Mendes"]
[Result "0-1"]
[WhiteElo "1787"]
[BlackElo "1741"]
[PlyCount "155"]
[EventDate "2022.07.29"]
[EventType "team-swiss"]
[EventRounds "11"]
[EventCountry "IND"]
[SourceTitle "CBM 210"]
[Source "ChessBase"]
[SourceDate "2022.10.31"]
[SourceVersion "1"]
[SourceVersionDate "2022.10.31"]
[SourceQuality "1"]
[WhiteTeam "Santa Lucia"]
[BlackTeam "Kap Verde"]
[WhiteTeamCountry "SLU"]
[BlackTeamCountry "KAP"]

1. e4 d5 2. exd5 Qxd5 3. Nc3 Qa5 4. Nf3 Bf5 5. Bc4 e6 6. Qe2 Be7 7. 0-0 Nf6 8. d4 c6 9. Bf4 Nbd7 10. Rfe1 0-0 11. h3 Bb4 12. Bd2 Rfe8 13. a3 Bf8 14. Bb3 Qc7 15. Nh4 Bg6 16. Nxg6 hxg6 17. Ne4 Nxe4 18. Qxe4 Nf6 19. Qf3 Rad8 20. Bc3 Nd5 21. Bd2 Be7 22. c4 Nf6 23. Bc3 b5 24. Re2 bxc4 25. Bxc4 Nd5 26. Rae1 Bf6 27. Qg4 Qf4 28. g3 Qxg4 29. hxg4 Nb6 30. Ba6 Bxd4 31. Bxd4 Rxd4 32. Rc1 Red8 33. Rxc6 Rxg4 34. Rc7 Rd1+ 35. Kh2 Rd7 36. Rec2 Rgd4 37. Kg2 g5 38. Bb5 Rxc7 39. Rxc7 a5 40. Rb7 Nc4 41. Be8 Nd6 42. Rb8 Kh7 43. Bb5 Kg6 44. Kf3 f5 45. Ke3 Re4+ 46. Kd2 Re5 47. Bd3 Kf6 48. b4 axb4 49. axb4 Rd5 50. Kc3 Ke5 51. b5 Rc5+ 52. Kb4 Rd5 53. Kc3 Ne4+ 54. Bxe4 Kxe4 55. Kc4 Rd2 56. Kc3 Rd1 57. Ra8 Rb1 58. Kc4 Rc1+ 59. Kb4 Kd5 60. Rd8+ Ke4 61. Rd2 Rb1+ 62. Kc5 e5 63. Rc2 Kf3 64. b6 e4 65. Kc6 f4 66. Rc5 Kxf2 67. Rb5 Rxb5 68. Kxb5 e3 69. b7 e2 70. b8Q e1Q 71. Qa7+ Kxg3 72. Qxg7 g4 73. Qc7 Qe2+ 74. Kb4 Qe4+ 75. Kc3 Kg2 76. Kd2 f3 77. Qd6 f2 78. Qh6 0-1

[Event "Olympiad-44"]
[Site "Chennai"]
[Date "2022.08.01"]
[Round "4.2"]
[White "Sixtus, Gabriel"]
[Black "Rocha, Maximiliano"]
[Result "0-1"]
[WhiteElo "1787"]
[BlackElo "2117"]
[PlyCount "110"]
[EventDate "2022.07.29"]
[EventType "team-swiss"]
[EventRounds "11"]
[EventCountry "IND"]
[SourceTitle "CBM 210"]
[Source "ChessBase"]
[SourceDate "2022.10.31"]
[SourceVersion "1"]
[SourceVersionDate "2022.10.31"]
[SourceQuality "1"]
[WhiteTeam "Santa Lucia"]
[BlackTeam "Nicaragua"]
[WhiteTeamCountry "SLU"]
[BlackTeamCountry "NCA"]

1. e4 e5 2. Nf3 Nc6 3. Bc4 Bc5 4. d3 d6 5. c3 Nf6 6. Nbd2 a6 7. Qe2 0-0 8. 0-0 Ba7 9. h3 Ne7 10. d4 Ng6 11. Nb3 Qe7 12. Re1 h6 13. Bd2 Re8 14. Bd3 Bd7 15. Na5 Rab8 16. Rad1 Nh5 17. dxe5 dxe5 18. Kh2 Nhf4 19. Bxf4 Nxf4 20. Qf1 b5 21. Nb3 Rbd8 22. Nc1 Qf6 23. Ng1 Be6 24. b3 g5 25. g3 Ng6 26. Kg2 Bc8 27. Bc2 Kg7 28. Rxd8 Rxd8 29. Rd1 g4 30. h4 Rxd1 31. Bxd1 h5 32. Nd3 Qc6 33. Qe1 f5 34. Nb4 Qxe4+ 35. Qxe4 fxe4 36. Nc6 Bc5 37. Bc2 Bf5 38. b4 Bb6 39. Ne2 Kf6 40. Kf1 e3 41. Bxf5 Kxf5 42. fxe3 Ke4 43. Nb8 Ne7 44. Nxa6 Nf5 45. Nb8 Nxe3+ 46. Ke1 Nc4 47. Nd7 Kf3 48. Nf6 Bf2+ 49. Kd1 Bxg3 50. Nxg3 Kxg3 51. Nxh5+ Kxh4 52. Nf6 g3 53. Ke2 Kh3 54. a3 g2 55. Kf2 Nd2 0-1

[Event "Las Americas Team op U2400 Hybrid"]
[Site "Internet"]
[Date "2022.05.14"]
[Round "5.10"]
[White "Bowles, Andrew"]
[Black "Sixtus, Gabriel"]
[Result "0-1"]
[WhiteElo "1570"]
[BlackElo "1801"]
[PlyCount "84"]
[EventDate "2022.05.14"]
[EventType "team-swiss"]
[EventRounds "5"]
[EventCountry "VEN"]
[SourceTitle "EXT 2023"]
[Source "ChessBase"]
[SourceDate "2022.10.05"]
[SourceVersion "1"]
[SourceVersionDate "2022.10.05"]
[SourceQuality "1"]

1. e4 c5 2. Nf3 Nf6 3. Nc3 d5 4. Bb5+ Bd7 5. Bxd7+ Qxd7 6. exd5 Nxd5 7. Nxd5 Qxd5 8. d4 e6 9. 0-0 Nc6 10. Be3 c4 11. c3 Bd6 12. b3 0-0 13. Nd2 cxb3 14. axb3 Rad8 15. Qf3 f5 16. Qxd5 exd5 17. Nf3 Rde8 18. Rfe1 h6 19. h4 a6 20. Bd2 Re4 21. Be3 Rfe8 22. Kf1 Kf7 23. Bd2 Kf6 24. c4 dxc4 25. bxc4 Bb4 26. d5 Bxd2 27. Rxe4 fxe4 28. dxc6 exf3 29. cxb7 fxg2+ 30. Kxg2 Rb8 31. Rxa6+ Ke7 32. Rb6 Kd7 33. c5 Bc3 34. c6+ Kc7 35. Ra6 Bf6 36. h5 Be5 37. Ra8 Kxc6 38. Rxb8 Bxb8 39. Kf3 Kxb7 40. Ke4 Kc6 41. Kf5 Kd5 42. f4 Ba7 0-1

[Event "Online Olym Div4 E"]
[Site "Chess.com INT"]
[Date "2021.08.20"]
[Round "2.3"]
[White "Sixtus, Gabriel"]
[Black "Germinal, Kemly"]
[Result "1-0"]
[WhiteElo "1869"]
[BlackElo "1997"]
[PlyCount "41"]
[EventDate "2021.08.20"]
[EventType "team (rapid)"]
[EventRounds "11"]
[EventCountry "USA"]
[SourceTitle "CBM 203 Extra"]
[Source "ChessBase"]
[SourceDate "2021.09.30"]
[SourceVersion "1"]
[SourceVersionDate "2021.09.30"]
[SourceQuality "1"]
[WhiteTeam "Santa Lucia"]
[BlackTeam "Haiti"]
[WhiteTeamCountry "SLU"]
[BlackTeamCountry "HAI"]

1. e4 e5 2. Nf3 Nc6 3. Bb5 Nf6 4. 0-0 Nxe4 5. Re1 Nd6 6. Bxc6 dxc6 7. Nxe5 Be7 8. Nc3 0-0 9. d4 Ne8 10. Bf4 Nf6 11. Qd3 c5 12. d5 b6 13. Nc6 Qd7 14. Nxe7+ Kh8 15. Nxc8 Raxc8 16. Rad1 Qg4 17. Be5 Nd7 18. Bg3 h5 19. Re7 h4 20. Re4 Qg5 21. Rxh4+ 1-0